[Event "Basso Veronese op 7th"]
[Site "Casaleone"]
[Date "2014.05.18"]
[Round "5"]
[White "Oppici, Gabriele"]
[Black "Moscato, Riccardo"]
[Result "0-1"]
[WhiteElo "1973"]
[BlackElo "1609"]
[PlyCount "112"]
[EventDate "2014.05.16"]
[EventType "swiss"]
[EventRounds "5"]
[EventCountry "ITA"]
[SourceTitle "EXT 2015"]
[Source "ChessBase"]
[SourceDate "2014.11.20"]
[SourceVersion "1"]
[SourceVersionDate "2014.11.20"]
[SourceQuality "1"]

1. d4 d5 2. Nf3 Nf6 3. Bf4 e6 4. e3 Bd6 5. Bg3 a6 6. Nbd2 c5 7. c3 Nc6 8. Bd3 cxd4 9. exd4 Qc7 10. Qe2 Bd7 11. Ne5 Bxe5 12. dxe5 Ng8 13. f4 Nge7 14. Bf2 h5 15. h4 f6 16. exf6 gxf6 17. Be3 0-0-0 18. Nb3 e5 19. Qf2 Rde8 20. Bb6 Qd6 21. Bc5 Qc7 22. 0-0-0 Bg4 23. Rde1 exf4 24. Bb6 Qd6 25. Rhf1 Ne5 26. Bc2 f3 27. gxf3 Nxf3 28. Bc5 Qc7 29. Re3 Ne5 30. Qxf6 Nd7 31. Qd4 Rhf8 32. Rxf8 Rxf8 33. Re1 Qg3 34. Rg1 Qxh4 35. Bd6 Qg5+ 36. Kb1 Nc6 37. Qa4 Rf2 38. Nd4 Qf6 39. Nxc6 Qxd6 40. Nd4 Qf6 41. a3 Rf1+ 42. Rxf1 Qxf1+ 43. Ka2 Qc4+ 44. Kb1 Qxa4 45. Bxa4 b5 46. Bb3 Nf6 47. Nc6 Bf3 48. Kc1 Kc7 49. Ne5 Be4 50. Bd1 Kd6 51. Nf3 Bxf3 52. Bxf3 Ke5 53. Kd2 Kf4 54. Ke2 h4 55. Kf2 h3 56. b3 Ne4+ 0-1

[Event "Basso Veronese op 7th"]
[Site "Casaleone"]
[Date "2014.05.17"]
[Round "2"]
[White "Moscato, Riccardo"]
[Black "Rondelli, Roberto"]
[Result "1-0"]
[WhiteElo "1609"]
[BlackElo "1746"]
[PlyCount "43"]
[EventDate "2014.05.16"]
[EventType "swiss"]
[EventRounds "5"]
[EventCountry "ITA"]
[SourceTitle "EXT 2015"]
[Source "ChessBase"]
[SourceDate "2014.11.20"]
[SourceVersion "1"]
[SourceVersionDate "2014.11.20"]
[SourceQuality "1"]

1. d4 e6 2. Nf3 d5 3. Bf4 c5 4. c4 Nf6 5. Nc3 a6 6. dxc5 Bxc5 7. cxd5 exd5 8. e3 Nc6 9. Be2 0-0 10. Bg5 Be7 11. 0-0 Be6 12. Nd4 Ne4 13. Nxe6 fxe6 14. Bxe7 Qxe7 15. Nxe4 dxe4 16. Qc2 Qf6 17. Qxe4 Ne7 18. Bc4 Qxb2 19. Qxe6+ Kh8 20. Qxe7 Rxf2 21. Rxf2 Qxa1+ 22. Rf1 1-0

[Event "Basso Veronese-B 2nd"]
[Site "Casaleone"]
[Date "2009.11.08"]
[Round "2"]
[White "Moscato, Riccardo"]
[Black "De Biaggi, Paolo"]
[Result "0-1"]
[WhiteElo "1711"]
[BlackElo "1878"]
[PlyCount "94"]
[EventDate "2009.11.07"]
[EventType "swiss"]
[EventRounds "6"]
[EventCountry "ITA"]
[SourceTitle "EXT 2015"]
[Source "ChessBase"]
[SourceDate "2014.11.20"]
[SourceVersion "1"]
[SourceVersionDate "2014.11.20"]
[SourceQuality "1"]

1. d4 c5 2. Nf3 cxd4 3. Nxd4 Nc6 4. Nc3 g6 5. Nxc6 bxc6 6. e4 Bg7 7. Bd2 Qb6 8. Rb1 Ba6 9. Bxa6 Qxa6 10. Qe2 Qxe2+ 11. Nxe2 Nf6 12. f3 0-0 13. 0-0 d6 14. b4 Rab8 15. Rb3 Rb7 16. Rfb1 Rfb8 17. Nc3 Nd7 18. f4 Bxc3 19. Bxc3 Nb6 20. Kf2 Nc4 21. Ke2 d5 22. exd5 cxd5 23. a4 f6 24. Rd1 Rd8 25. b5 e5 26. Rb4 Rc7 27. fxe5 fxe5 28. Rd3 d4 29. Be1 Ne3 30. c3 Nxg2 31. cxd4 Nf4+ 32. Ke3 Nd5+ 33. Ke4 Nxb4 34. Bxb4 Rc4 35. Bc5 exd4 36. Bxa7 Rxa4 37. Rxd4 Re8+ 38. Kd5 Rxa7 39. b6 Rd8+ 40. Ke4 Re7+ 41. Kd3 Rxd4+ 42. Kxd4 Kf7 43. Kc5 g5 44. Kc6 h5 45. b7 Re8 46. Kc7 g4 47. b8Q Rxb8 0-1

[Event "Basso Veronese op 1st"]
[Site "Casaleone"]
[Date "2008.11.16"]
[Round "2"]
[White "Andreeva, Arina"]
[Black "Moscato, Riccardo"]
[Result "1-0"]
[WhiteElo "2001"]
[BlackElo "1434"]
[PlyCount "87"]
[EventDate "2008.11.15"]
[EventType "swiss"]
[EventRounds "6"]
[EventCountry "ITA"]
[SourceTitle "EXT 2011"]
[Source "ChessBase"]
[SourceDate "2010.11.26"]
[SourceVersion "1"]
[SourceVersionDate "2010.11.26"]
[SourceQuality "1"]

1. d4 d5 2. c4 e6 3. Nc3 Nf6 4. Bg5 Be7 5. e3 Nbd7 6. Nf3 b6 7. cxd5 Nxd5 8. Bxe7 Nxe7 9. Bc4 Bb7 10. e4 c6 11. 0-0 0-0 12. b4 Qc7 13. Rc1 Rac8 14. a3 Qb8 15. e5 Rfd8 16. Ne4 b5 17. Ba2 Nb6 18. Nd6 Rxd6 19. exd6 Qxd6 20. Qe2 Nf5 21. Rfd1 Qf4 22. Qe5 Qh6 23. Bb1 Ne7 24. Ng5 Ng6 25. Qg3 Na4 26. Ne4 Nb2 27. Re1 Nf4 28. Qc3 Na4 29. Qe3 Rd8 30. Nc5 Nxc5 31. dxc5 Rd2 32. Rcd1 Rxd1 33. Rxd1 Nd5 34. Qxh6 gxh6 35. Be4 Bc8 36. f4 f5 37. Bxd5 exd5 38. Kf2 Kf7 39. Ke3 Kf6 40. Kd4 Be6 41. a4 bxa4 42. Ra1 a6 43. Rxa4 Bc8 44. Ra3 1-0